00981 2200325 4500001002100000005001500021035002000036007000300056008004100059020002200100082001500122084001500137245007900152300004600231650002300277700003000300700003100330264004200361336002100403337003000424338002300454040002200477090001700499850001200516440002000528500005400548041001300602990002000615990002000635INLIS00000000085174320191014083652 a0010-1019000470ta191014s2018 jkia a 1 ind d a978-602-455-357-904223a028.53 a028.53 ALA00aAlat transportasi /cpenerjemah, Dina Mardiana; penyunting, Agus Wijiyanto a18 halaman :bilustrasi berwarna ;c13 cm 4aBacaan kanak-kanak0 aDina MardianaePenerjemah0 aAgus WijiyantoePenyunting aJakarta :bBhuana Ilmu Populer,c2018 2rdacontentateks 2rdamediaatanpa perantara 2rdacarrieravolume aYOPDYOGbinderda aK 028.53 ALA aYOPDYOG aSeri Bayi Hebat ajudul asli: L'imagerie des bebes : Les transports1 aindhfre a38439-PD/B.2019 a38440-PD/B.2019